| 000 | 01170nam a22002057a 4500 | ||
|---|---|---|---|
| 999 |
_c58211 _d58211 |
||
| 003 | Ge_BSU | ||
| 005 | 20210916113402.0 | ||
| 008 | 210916s2020 ge ||||| |||| 00| 0 geo d | ||
| 020 | _a9789941819360 | ||
| 041 | _ageo | ||
| 080 | _a2-184.3(479.22) რ-97 | ||
| 245 |
_aრწმენა თავისუფლების აქტია! = Faith is an act of freedom / _cრელიგიის საკითხთა სახელმწიფო სააგენტო ; მთავარი რედაქტორი ზაზა ვაშაყმაძე. |
||
| 264 |
_aთბილისი, _c2020. |
||
| 300 |
_a260 გვ. : _bფოტ. ; _c30 სმ. _e+ 3 დაკეც. რუკა |
||
| 653 | _aრელიგიები საქართველოში | ||
| 653 | _aრელიგიური ორგანიზაციები საქართველოში | ||
| 700 |
_aვაშაყმაძე, ზაზა _eმთავარი რედაქტორი _912483 |
||
| 710 |
_aრელიგიის საკითხთა სახელმწ. სააგენტო _96269 |
||
| 942 |
_2udc _cBK |
||